MDQL
is popping MORE tags! Check the
thread
!
Quizzes
Events
Quiz Creation
Community
Videos
Private Events
Remove Ads
Sign In
Join for FREE
Feedback
Dark Mode
Quiz Categories
Sports
Geography
Music
Movies
Television
Just For Fun
Miscellaneous
History
Literature
Language
Science
Gaming
Entertainment
Religion
Holiday
For Kids
Quiz Lab
Recent
Popular Today
Quiz Kudos Today
Editor Picks
Curator Picks
Quizzes by...
Day
Popularity
Type
Ratings
Length
Year
Community
Subscriptions
Recent Discussions
Orange Saloon
Badges
Playlists
Quests
Create
Leaderboards
Showdown
Live 5
Trivia Bingo
Activity
Puzzle Library
Sporcle Events
Private Events
Virtual Trivia
Globe League
Become a Host
Pub Owners
SporcleCon
Opinionation
Our Games
Videos
Blog
Mobile Apps
Partnerships
Remove Ads and Go Orange
Feedback
Entertainment
Celebrity
Famous
Musical
Broadway
Show
Quote
Comic Books
Anime
Superhero
DC Comics
Marvel
Cartoons
Animation
Entertainment
Celebrity
Famous
Musical
Broadway
Show
Quote
Comic Books
Anime
Superhero
DC Comics
Marvel
Cartoons
Animation
Random Quiz
Search Sporcle
×
Quiz Lab
Quiz Lab
Entertainment
Celebrity
Type in answers that appear in a list
Type in answers that appear in a list
Classic
Best Score? Go Orange.
All celebrity Big Brother housemates (UK) Stats
Can you name the all the Celebrity Big Brother housemates (UK)?
By
Hope_
10m
66 Questions
288 Plays
288 Plays
288 Plays
Comments
Comments
Give Quiz Kudos
Give Quiz Kudos
-
- Ratings
hide this ad
Replay
Link that replays current quiz
Next Quiz
Link to next quiz in quiz playlist
You Got
0%
They Got
Avg Score
59%
Avg Friend Score
Upgrade to see
Score Distribution
Jump to the score distribution portion of the page
Score
0/66
Timer
10:00
0
Plays Today
Series
Housemate
% Correct
1
Jack Dee
89.6%
5
Jack Tweed
89.6%
5
Jo O'Meara
87.2%
5
Ian 'H' Watkins
83%
5
Jade Goody
81.9%
2
Mark Owen
80.9%
4
Chantelle Houghton
79.9%
7
Alex Reid
79.9%
3
Jackie Stallone
78.5%
5
Jackiey Budden
78.1%
4
Preston
77.4%
3
John McCririck
76.7%
4
Pete Burns
76.4%
6
Coolio
76%
5
Shilpa Shetty
75.3%
2
Les Dennis
73.6%
3
Bez
73.3%
6
Ulrika Jonsson
72.9%
4
George Galloway
71.5%
5
Jermaine Jackson
71.2%
7
Vinnie Jones
71.2%
1
Chris Eubank
68.8%
1
Vanessa Feltz
68.8%
7
Ivana Trump
68.1%
1
Keith Duffy
67.7%
6
Michelle Heaton
67.7%
7
Dane Bowers
66.7%
3
Germaine Greer
66.3%
7
Jonas Altberg
61.8%
4
Jodie Marsh
61.5%
6
Verne Troyer
61.5%
4
Maggot
61.1%
6
Ben Adams
61.1%
Series
Housemate
% Correct
3
Kenzie
60.8%
7
Sisqó
60.4%
4
Michael Barrymore
58%
7
Katia Ivanova
56.3%
7
Stephen Baldwin
56.3%
4
Rula Lenska
54.5%
1
Anthea Turner
53.8%
1
Claire Sweeney
52.4%
2
Goldie
52.4%
5
Leo Sayer
51.7%
5
Danielle Lloyd
51.7%
3
Jeremy Edwards
49.7%
2
Anne Diamond
48.6%
7
Heidi Fleiss
47.9%
6
Tina Malone
46.5%
7
Nicola Tappenden
45.8%
7
Lady Sovereign
45.1%
5
Cleo Rocos
44.8%
6
Terry Christian
43.4%
3
Caprice Bourret
43.1%
5
Dirk Benedict
41.7%
4
Faria Alam
41.3%
3
Brigitte Nielsen
41.3%
6
Lucy Pinder
41.3%
4
Traci Bingham
41%
5
Carole Malone
39.6%
6
LaToya Jackson
38.9%
5
Donny Tourette
38.2%
2
Melinda Messenger
37.5%
2
Sue Perkins
36.1%
3
Lisa I'Anson
35.8%
7
Stephanie Beacham
31.3%
6
Tommy Sheridan
30.2%
Quiz Playlist
Details
Report
Send in Message
Add To Playlist
Classic:
Type in answers that appear in a list
Last Updated: Feb 16, 2017
Quiz Scoreboard
CHALLENGE
Sign Up to Join the Scoreboard
Show All
Scores
Hide
Comments
May contain spoilers
Recently Published
5x2 Blitz: Bands
by SL_Kpop136
Music
30s
Colored Red Africa Blitz
by spor1
Geography
30s
Find the 'City' Movie
by crazypaving
Movies
60s
More to Explore
Quiz From the Vault
Featured Blog Post
14 Easter Pick-up Lines to Find Eggs With
hide this ad
You Might Also Like...
Tags
Celebrity Quiz
Famous Quiz
become
Big Brother
Brother
housemate
Today's Top Quizzes in Entertainment
Browse Entertainment
hide this ad
Today's Top Quizzes in Celebrity
Browse Celebrity
Top Contributed Quizzes in Entertainment
1
Marvel Classic Character Map
2
Dragon Ball Z: Goku's Fights in Order
3
Marvel Characters Bunker
4
JoJo's Bizarre Logic Quiz
5
Celebrity Spelling Bee
6
BOYS PLANET Quiz
7
This is Your Life: Edward Elric
8
This is Your Life: Itachi Uchiha
9
Survivor Winners Logic Quiz
10
One Piece Heroines Chapter Cover
Explore More
Trending Topics
Marvel
NBA
Harry Potter
Disney
Crossword
Anime
Kpop
Puzzle
WWE
NFL
Soccer
Song
Pokémon
The Office
Country
hide this ad
More By:
Hope_
Quiz
Plays
Rating
Category
Featured
Created
All celebrity Big Brother housemates (UK)
288
Entertainment
Jan 31, 2010
Go to Creator's Profile
Score Distribution
Quiz Creator Spotlight
Hope_
Follow
Send a Message
Quizzes Created
-
Created Quiz Play Count
-
More By This Creator
Popular Quizzes Today
1
Colored Red Africa Blitz
2
Find the 'City' Movie
3
Find the US States - No Outlines Minefield
4
5x2 Blitz: Bands
5
The Countries of the World
6
Find the US States
7
Find the Countries of Europe - No Outlines Minefield
8
US States
More Entertainment Quizzes
Big Bens
Published
Trending Quizzes
Colored Red Europe Blitz I
Colored Red Europe Blitz II
Colored Red Africa Blitz II
Colored Red Europe Blitz III
Colored Red Africa Blitz III
Recently Updated
How Do You Spell That?
pecheneg
Godzilla Movies
pecheneg
Grab Bag: 4-10 Letters
pecheneg
2024 March Madness Bracket
pecheneg
Famous TV Couples
Peacemaker
Champions League XIs: Real Madrid
pecheneg
Largest US Cities 1790-2010
pecheneg
Rides in Walt Disney World
pecheneg
Most Oscar Losses (Acting)
pecheneg
Beyoncé Albums
pecheneg
Trending Topics
NBA
Kpop
Harry Potter
Anime
Marvel
Crossword
Disney
Soccer
WWE
Country
NFL
Pokémon
Puzzle
The Office
Song
Your Account Isn't Verified!
In order to create a playlist on Sporcle, you need to verify the email address you used during registration. Go to your
Sporcle Settings
to finish the process.
Report this User
Report this user for behavior that violates our
Community Guidelines
.
Details:
Send Report
Go to the Sporcle.com Mobile Site →
Comments